000 01427cam a2200493 4500
001 M1489
008 090401t1994 xxu||||| |||| 00| 0 eng d
035 _a(Sirsi) u32349
041 _aeng
050 _a333.330212
090 _aRICS 1994/25A
110 _aRoyal Institution of Chartered Surveyors
_bScotland
_93082
245 _aScottish property fact file 1994.
260 _aEdinburgh
_bRoyal Institution of Chartered Surveyors
_c1994
300 _a(8)p. ; 18cm.
350 _a0
520 _aSent free to all corporate members of the RICS in Scotland.
650 _aCONSTRUCTION OUTPUT
650 _aCOUNTRY PARKS
650 _aGREEN BELT
650 _aHOUSEHOLDS
650 _aLAND AREA
650 _aLOCAL NATURE RESERVES
650 _aLOCAL DEVELOPMENT PLANS
650 _aMORTGAGES
650 _aNATIONAL NATURE RESERVES
650 _aNATURE CONSERVATION AREAS
650 _aOFFICE MARKET RENTS
650 _aPROPERTY INVESTMENT YIELDS
650 _aPROPERTY
650 _aRAMSAR SITES
650 _aREGIONAL PARKS
650 _aRENTAL VALUES
650 _aRESIDENTIAL PROPERTY
_96266
650 _aSCOTLAND
650 _aSITES OF SPECIAL SCIENTIFIC INTEREST
650 _aSPECIAL PROTECTION AREAS
650 _aSTATISTICS
650 _aSTRUCTURE PLANS
650 _aWORLD HERITAGE SITES
690 _aPROPERTY LAW AND PRACTICE
942 _n0
948 _c04/03/1997
999 _c89723
_d89723